आस्था की जमीन / (Record no. 14982)

MARC details
000 -LEADER
fixed length control field 01177nam a22002657a 4500
005 - DATE AND TIME OF LATEST TRANSACTION
control field 20080822142459.0
008 - FIXED-LENGTH DATA ELEMENTS--GENERAL INFORMATION
fixed length control field 080822t xxu||||| |||| 00| 0 hin d
010 ## - LIBRARY OF CONGRESS CONTROL NUMBER
LC control number HIN-84026
020 ## - INTERNATIONAL STANDARD BOOK NUMBER
International Standard Book Number 8188494607
Terms of availability 100.00
035 ## - SYSTEM CONTROL NUMBER
System control number HN-56372
037 ## - SOURCE OF ACQUISITION
Stock number DBAD / PUB
040 ## - CATALOGING SOURCE
Original cataloging agency DPL
Language of cataloging HN
082 ## - DEWEY DECIMAL CLASSIFICATION NUMBER
Classification number 824
100 ## - MAIN ENTRY--PERSONAL NAME
Personal name उपाध्याय, रामनारायण
245 ## - TITLE STATEMENT
Title आस्था की जमीन /
Statement of responsibility, etc रामनारायण उपाध्याय
246 ## - VARYING FORM OF TITLE
Title proper/short title Aasthaa kii Jamiin
Remainder of title by Ram Kumar Upadhyay
250 ## - EDITION STATEMENT
Edition statement 2रा संस्क
260 ## - PUBLICATION, DISTRIBUTION, ETC. (IMPRINT)
Place of publication, distribution, etc इलाहाबाद
Name of publisher, distributor, etc अर्चना पब्लिकेशन
Date of publication, distribution, etc 2006
270 ## - ADDRESS
Address 9, महिलाग्राम कालोनी, सूबेदारगंज
City इलाहाबाद
300 ## - PHYSICAL DESCRIPTION
Extent 128पृ
Dimensions 22सेमी (सजिल्द)
650 ## - SUBJECT ADDED ENTRY--TOPICAL TERM
Topical term or geographic name as entry element हिन्दी निबंध
650 ## - SUBJECT ADDED ENTRY--TOPICAL TERM
Topical term or geographic name as entry element Hindi essays
942 ## - ADDED ENTRY ELEMENTS (KOHA)
Source of classification or shelving scheme Dewey Decimal Classification
Koha item type Hindi Books
Call number prefix उपाध्या
Classification part 824
Holdings
Withdrawn status Lost status Damaged status Not for loan Collection code Home library Current library Date acquired Source of acquisition Cost, normal purchase price Total Checkouts Full call number Barcode Date last seen Copy number Cost, replacement price Price effective from Koha item type
      Not For Loan Non-fiction D.B.Act.Division D.B.Act.Division 22/08/2008 DBAD / PUB 100.00   उपाध्याय HN-56372 15/09/2008 1 100.00 15/09/2008 Hindi Books

© Delhi Public Library
Hit Counter
free hit counter